000 00439nam a2200169 4500
001 132242
003 ES-MaACL
005 20230906194132.0
007 t|
008 070214s1973 sp r ||||1| spa d
100 1 _aRomero, Emilio.
_999320
245 1 0 _aCartas al Rey /
_cEmilio Romero.
250 _a1ยช ed.
260 _aBarcelona :
_bPlaneta,
_c1973.
300 _a396 p. :
_bil. ;
_c25 cm.
852 _aES-MaACL
_jC-55916
_bR.88509
999 _c132242
_d132242